000
00313nam a22001337a 4500
008
181023b xxu||||| |||| 00| 0 eng d
020
_a
9781590708125
041
_a
eng
080
_a
370
100
_a
48
101
_a
edu
245
_a
Foundations Family And Consumer Sciences
_c
Kato.SH.l
942
_2
udc
_c
BK
999
_c
50753
_d
50753